| 000 | 01054nam a22002297a 4500 | ||
|---|---|---|---|
| 999 |
_c6590 _d6590 |
||
| 003 | OSt | ||
| 005 | 20241014141640.0 | ||
| 008 | 130715b xxu||||| |||| 00| 0 eng d | ||
| 040 |
_cCDMR _bcat |
||
| 100 | 1 |
_93933 _aSainz de Baranda Andújar, Clara |
|
| 245 | 1 | 0 |
_aMujeres y deporte en los medios de comunicación _b: estudio de la prensa deportiva española (1979-2010) _cClara Sainz de Baranda Andújar ; directores Pilar Diezhandino, Ángel Bahamonde _h[recurs electrònic] |
| 260 |
_aMadrid _c2013 |
||
| 502 |
_aTesi doctoral defensada el 22 de febrer de 2013 _cUniversidad Carlos III de Madrid |
||
| 650 | 0 | 4 |
_93818 _aMitjans de comunicació de massa i dones |
| 650 | 0 | 4 |
_91696 _aPremsa esportiva |
| 650 | 0 | 4 |
_92994 _aTesis i dissertacions acadèmiques |
| 700 | 1 |
_91492 _aDiezhandino, María Pilar |
|
| 700 | 1 |
_93934 _aBahamonde, Ángel |
|
| 710 | 2 |
_93936 _aUniversidad Carlos III de Madrid _b -- Departamento de Periodismo y Comunicación Audiovisual |
|
| 856 | 4 | 0 |
_uhttps://hdl.handle.net/10016/16505 _yDisponible en línia (UC3) |
| 942 |
_2udc _cTSN-E |
||